000 00706nam a2200205Ii 4500
003 JO-AjNU
008 230605s9999||||xx |||||||||||||| ||und||
040 _aJO-AjNU
_bara
_erda
_cJO-AjNU
041 _aara
050 1 4 _aHN786.A2812 1995
100 3 _aابو لغد، ليلى ؛ ترجمة احمد جرادات,
_eauthor
_914537
245 0 0 _aمشاعر محجبة
250 _aط1
264 3 1 _aالقاهرة: نور - دار المرأه العربية للنشر، 1995
300 _a206ص
_bيحتوي على ببلوغرافية من 199-206ص
336 _atext
_btxt
_2rdacontent
337 _aunmediated
_bn
_2rdamedia
338 _avolume
_bnc
_2rdacarrier
650 4 _aالمجتمع
_914538
999 _aA3900
_c7468
_d7468